[Event "Titled Tuesday intern op 13th Sep Late"]
[Site "Chess.com INT"]
[Date "2022.09.13"]
[Round "5"]
[White "Sanchez Alarcon, Juan"]
[Black "Leschinsky, Gary"]
[Result "0-1"]
[WhiteElo "2136"]
[BlackElo "1955"]
[PlyCount "144"]
[EventDate "2022.09.13"]
[EventType "swiss (blitz)"]
[EventRounds "11"]
[EventCountry "USA"]
[SourceTitle "EXT 2023"]
[Source "ChessBase"]
[SourceDate "2022.10.05"]
[SourceVersion "1"]
[SourceVersionDate "2022.10.05"]
[SourceQuality "1"]

1. e4 c5 2. c3 d5 3. exd5 Qxd5 4. d4 Nf6 5. Nf3 e6 6. Na3 cxd4 7. Nb5 Qd7 8. Nbxd4 Nc6 9. Bb5 Bd6 10. Nxc6 bxc6 11. Ba4 Qc7 12. 0-0 0-0 13. Qe2 a5 14. Rd1 Ba6 15. Qe3 Nd5 16. Qg5 Be7 17. Qg4 Nf6 18. Qh3 Rfd8 19. Bg5 h6 20. Bh4 Rxd1+ 21. Rxd1 Rd8 22. Re1 Bd3 23. Bg3 Qc8 24. Be5 Bf5 25. Qg3 c5 26. Qf4 Bh7 27. Bb3 Nd5 28. Qg4 Bf6 29. Bxf6 Nxf6 30. Qf4 Qb8 31. Ne5 Qc7 32. h4 Bf5 33. g4 Bh7 34. g5 hxg5 35. hxg5 Nd5 36. Qf3 Qe7 37. Qg3 Bf5 38. Kg2 Qb7 39. f3 a4 40. Bxd5 Qxb2+ 41. Qf2 Qxf2+ 42. Kxf2 Rxd5 43. Ke2 f6 44. Ng4 Bxg4 45. fxg4 Rxg5 46. Rg1 Kf7 47. Kf3 Rd5 48. Ke4 Rd2 49. Rb1 Rxa2 50. Rb7+ Kg6 51. Rb5 Rc2 52. Rxc5 a3 53. Kd3 Rg2 54. Ra5 Rxg4 55. Rxa3 Rg1 56. Ke3 e5 57. c4 Rc1 58. Ra4 Kf5 59. Kf3 g5 60. Ke3 g4 61. Kd2 Rb1 62. c5 Rb8 63. Rc4 Rc8 64. Ke3 Kg5 65. Kf2 f5 66. c6 f4 67. c7 Kf5 68. Rc5 Ke4 69. Rc4+ Kd5 70. Rc2 Kd6 71. Rd2+ Kxc7 72. Rd6 Kxd6 0-1

[Event "Titled Tuesday intern op 06th Sep Late"]
[Site "Chess.com INT"]
[Date "2022.09.06"]
[Round "1"]
[White "Sanchez Alarcon, Juan"]
[Black "Sargsyan, Anna M"]
[Result "0-1"]
[WhiteElo "2136"]
[BlackElo "2378"]
[PlyCount "40"]
[EventDate "2022.09.06"]
[EventType "swiss (blitz)"]
[EventRounds "11"]
[EventCountry "USA"]
[SourceTitle "EXT 2023"]
[Source "ChessBase"]
[SourceDate "2022.10.05"]
[SourceVersion "1"]
[SourceVersionDate "2022.10.05"]
[SourceQuality "1"]

1. e4 c6 2. d4 d5 3. Nc3 dxe4 4. Nxe4 Nd7 5. Ng5 Ngf6 6. Bd3 e5 7. N1f3 exd4 8. Nxd4 Bc5 9. Nf5 0-0 10. 0-0 Ne5 11. Ng3 Nxd3 12. cxd3 Bg4 13. Qb3 Nd5 14. h3 Bd7 15. N5e4 Bd4 16. Bg5 Qc7 17. Rad1 f5 18. Nc3 Qxg3 19. Nxd5 Be6 20. Ne7+ Kf7 0-1

[Event "Titled Tuesday intern op 30th Aug Late"]
[Site "Chess.com INT"]
[Date "2022.08.30"]
[Round "3"]
[White "D'Arruda, Ricardo D"]
[Black "Sanchez Alarcon, Juan"]
[Result "1-0"]
[WhiteElo "2271"]
[BlackElo "2136"]
[PlyCount "59"]
[EventDate "2022.08.30"]
[EventType "swiss (blitz)"]
[EventRounds "11"]
[EventCountry "USA"]
[SourceTitle "EXT 2023"]
[Source "ChessBase"]
[SourceDate "2022.10.05"]
[SourceVersion "1"]
[SourceVersionDate "2022.10.05"]
[SourceQuality "1"]

1. d4 Nf6 2. Nf3 g6 3. Nc3 d5 4. Bg5 Bg7 5. Bxf6 Bxf6 6. e4 dxe4 7. Nxe4 Bg7 8. Bc4 0-0 9. 0-0 c6 10. Re1 Bg4 11. c3 Nd7 12. Bb3 Qc7 13. h3 Bxf3 14. Qxf3 e5 15. dxe5 Nxe5 16. Nf6+ Kh8 17. Qf4 Qd6 18. Ng4 Rae8 19. Rad1 Qc7 20. Nf6 Re7 21. Qh4 h6 22. Ng4 g5 23. Qg3 Rfe8 24. Ne3 Qc8 25. Rd6 f5 26. Nf1 f4 27. Qh2 Qf5 28. Red1 g4 29. hxg4 Qxg4 30. Rxh6+ 1-0

[Event "Titled Tuesday intern op 30th Aug Late"]
[Site "Chess.com INT"]
[Date "2022.08.30"]
[Round "7"]
[White "Haitin, Ilja"]
[Black "Sanchez Alarcon, Juan"]
[Result "0-1"]
[WhiteElo "2322"]
[BlackElo "2136"]
[PlyCount "106"]
[EventDate "2022.08.30"]
[EventType "swiss (blitz)"]
[EventRounds "11"]
[EventCountry "USA"]
[SourceTitle "EXT 2023"]
[Source "ChessBase"]
[SourceDate "2022.10.05"]
[SourceVersion "1"]
[SourceVersionDate "2022.10.05"]
[SourceQuality "1"]

1. e4 c5 2. Nf3 d6 3. Bb5+ Bd7 4. Bxd7+ Qxd7 5. c4 Nf6 6. Nc3 Nc6 7. d4 Nxd4 8. Nxd4 cxd4 9. Qxd4 g6 10. 0-0 Bg7 11. Bg5 0-0 12. Qd3 Rac8 13. b3 a6 14. Rac1 Rfe8 15. h3 Qc6 16. Rfd1 Nd7 17. Nd5 Bf8 18. f4 Nc5 19. Qc2 h6 20. Bh4 Rcd8 21. Kh1 Rd7 22. f5 g5 23. Bf2 Bg7 24. Qe2 e6 25. fxe6 fxe6 26. Bxc5 exd5 27. cxd5 Qc7 28. Bg1 Qd8 29. Qg4 Qe7 30. Rf1 Rdd8 31. Rce1 Rf8 32. Bb6 Rde8 33. a4 Rxf1+ 34. Rxf1 Qxe4 35. Qd7 Qe7 36. Qf5 Rf8 37. Qb1 Rxf1+ 38. Qxf1 Be5 39. Qf5 Qf7 40. g4 Qxf5 41. gxf5 Kg7 42. Bd8 Bf6 43. Bc7 Be7 44. Kg2 Kf6 45. Kf3 Kxf5 46. Bb6 h5 47. Bd4 Bf6 48. Be3 Ke5 49. Bd2 Kxd5 50. Ke3 g4 51. hxg4 Bg5+ 52. Kd3 Bxd2 53. gxh5 Bh6 0-1

[Event "Titled Tuesday intern op 30th Aug Late"]
[Site "Chess.com INT"]
[Date "2022.08.30"]
[Round "9"]
[White "Kim, Sergey2222"]
[Black "Sanchez Alarcon, Juan"]
[Result "1/2-1/2"]
[WhiteElo "2295"]
[BlackElo "2136"]
[PlyCount "104"]
[EventDate "2022.08.30"]
[EventType "swiss (blitz)"]
[EventRounds "11"]
[EventCountry "USA"]
[SourceTitle "EXT 2023"]
[Source "ChessBase"]
[SourceDate "2022.10.05"]
[SourceVersion "1"]
[SourceVersionDate "2022.10.05"]
[SourceQuality "1"]

1. d4 Nf6 2. c4 g6 3. Nc3 Bg7 4. e4 d6 5. Nge2 0-0 6. Ng3 e5 7. d5 Nbd7 8. Be2 Nc5 9. b4 Ncd7 10. a3 a5 11. Bd2 axb4 12. axb4 Rxa1 13. Qxa1 Ne8 14. 0-0 f5 15. exf5 gxf5 16. Nh5 e4 17. Nxg7 Nxg7 18. f3 exf3 19. Bxf3 Ne5 20. Be2 Bd7 21. c5 Qh4 22. Rf4 Qe7 23. Bc4 Nxc4 24. Rxc4 Re8 25. Qf1 Qf6 26. Qf2 Qg6 27. cxd6 cxd6 28. Rc7 Re7 29. Rxb7 Ne8 30. Qg3 Qxg3 31. hxg3 Kf8 32. b5 h5 33. b6 Bc8 34. Rb8 Ba6 35. Bf4 Kf7 36. Kf2 Rb7 37. Rxb7+ Bxb7 38. Ke3 Ke7 39. Kd4 Kd7 40. Nb5 Ba6 41. Nc7 Bb7 42. Ne6 Nf6 43. Ng7 Nxd5 44. Nxh5 Nxb6 45. Ng7 Be4 46. g4 Nd5 47. Nxf5 Nxf4 48. Kxe4 Nxg2 49. Nxd6 Kxd6 50. g5 Ke6 51. g6 Kf6 52. g7 Kxg7 1/2-1/2

[Event "Titled Tuesday intern op 23rd Aug Late"]
[Site "Chess.com INT"]
[Date "2022.08.23"]
[Round "8"]
[White "Akinseye, Akinleye"]
[Black "Sanchez Alarcon, Juan"]
[Result "0-1"]
[WhiteElo "1797"]
[BlackElo "2136"]
[PlyCount "86"]
[EventDate "2022.08.23"]
[EventType "swiss (blitz)"]
[EventRounds "11"]
[EventCountry "USA"]
[SourceTitle "EXT 2023"]
[Source "ChessBase"]
[SourceDate "2022.10.05"]
[SourceVersion "1"]
[SourceVersionDate "2022.10.05"]
[SourceQuality "1"]

1. e4 c5 2. d4 cxd4 3. c3 d5 4. Qxd4 dxe4 5. Qxe4 Nf6 6. Bb5+ Nbd7 7. Qa4 e6 8. Nf3 Be7 9. 0-0 0-0 10. Be3 a6 11. Rd1 Qc7 12. Nbd2 Nc5 13. Bxc5 Qxc5 14. Bf1 b5 15. Qc2 Bb7 16. Bd3 Rfd8 17. Ne4 Qh5 18. Nd4 Rac8 19. h3 Rxd4 20. Nxf6+ Bxf6 21. Be2 Rxd1+ 22. Rxd1 Qg5 23. Bf1 Rd8 24. Rxd8+ Bxd8 25. Qd3 Qd5 26. Qg3 g6 27. Qb8 Kg7 28. b3 Bf6 29. c4 bxc4 30. bxc4 Qc6 31. a4 a5 32. c5 Bd4 33. Qa7 Bc3 34. f3 Bb4 35. Kh1 h5 36. Bb5 Qd5 37. Qb6 Bxc5 38. Qxa5 Qd1+ 39. Kh2 Bg1+ 40. Kg3 Qd6+ 41. f4 Qa3+ 42. Kh4 Bf2+ 43. Kg5 Qg3# 0-1

[Event "Titled Tuesday intern op 23rd Aug Late"]
[Site "Chess.com INT"]
[Date "2022.08.23"]
[Round "7"]
[White "Sanchez Alarcon, Juan"]
[Black "Jimenez, Joaquin Rodrigo"]
[Result "0-1"]
[WhiteElo "2136"]
[BlackElo "2222"]
[PlyCount "66"]
[EventDate "2022.08.23"]
[EventType "swiss (blitz)"]
[EventRounds "11"]
[EventCountry "USA"]
[SourceTitle "EXT 2023"]
[Source "ChessBase"]
[SourceDate "2022.10.05"]
[SourceVersion "1"]
[SourceVersionDate "2022.10.05"]
[SourceQuality "1"]

1. e4 e5 2. Nf3 Nc6 3. Bb5 a6 4. Ba4 Nf6 5. 0-0 Be7 6. Re1 b5 7. Bb3 d6 8. c3 0-0 9. h3 Bb7 10. d4 Re8 11. Nbd2 Bf8 12. d5 Nb8 13. Nf1 Nbd7 14. N3h2 g6 15. Ng4 Nxg4 16. Qxg4 h5 17. Qf3 Qf6 18. Qg3 Qd8 19. Bg5 Be7 20. Bxe7 Qxe7 21. Ne3 Nc5 22. Bc2 Bc8 23. Rf1 h4 24. Qf3 Qg5 25. Rae1 Bd7 26. b4 Na4 27. Ng4 Bxg4 28. hxg4 Nb6 29. Kh2 Kg7 30. Rh1 Nc4 31. Kg1 Rh8 32. a4 Qd2 33. Qe2 Qxc3 0-1

[Event "Titled Tuesday intern op 19th Jul Late"]
[Site "Chess.com INT"]
[Date "2022.07.19"]
[Round "1"]
[White "Sanchez Alarcon, Juan"]
[Black "Al Tarbosh, Ward"]
[Result "0-1"]
[WhiteElo "2136"]
[BlackElo "2203"]
[PlyCount "68"]
[EventDate "2022.07.19"]
[EventType "swiss (blitz)"]
[EventRounds "11"]
[EventCountry "USA"]
[SourceTitle "EXT 2023"]
[Source "ChessBase"]
[SourceDate "2022.10.05"]
[SourceVersion "1"]
[SourceVersionDate "2022.10.05"]
[SourceQuality "1"]

1. e4 e6 2. d4 d5 3. Nc3 Nf6 4. e5 Nfd7 5. f4 c5 6. Nf3 Nc6 7. Be3 a6 8. Qd2 b5 9. a3 Bb7 10. Ne2 Qb6 11. c3 Be7 12. Ng3 g6 13. h4 h5 14. Be2 Na5 15. Rd1 Nc4 16. Bxc4 dxc4 17. 0-0 0-0-0 18. dxc5 Nxc5 19. Nd4 Qc7 20. Qe2 Rd7 21. Bf2 Rhd8 22. Rfe1 Bxh4 23. Ra1 Nd3 24. Red1 Nxf2 25. Qxf2 Qc5 26. Qe3 Qd5 27. Rd2 g5 28. f5 g4 29. fxe6 fxe6 30. Nxh5 Rh8 31. Nf6 Bxf6 32. exf6 Rdh7 33. Re1 Rh1+ 34. Kf2 Qxg2# 0-1

[Event "Titled Tuesday intern op 05th Jul Late"]
[Site "Chess.com INT"]
[Date "2022.07.05"]
[Round "7"]
[White "Sanchez Alarcon, Juan"]
[Black "Jorajuria Mendoza, Algol"]
[Result "0-1"]
[WhiteElo "2136"]
[BlackElo "2157"]
[PlyCount "90"]
[EventDate "2022.07.05"]
[EventType "swiss (blitz)"]
[EventRounds "11"]
[EventCountry "USA"]
[SourceTitle "CBM 209 Extra"]
[Source "ChessBase"]
[SourceDate "2022.09.30"]
[SourceVersion "1"]
[SourceVersionDate "2022.09.30"]
[SourceQuality "1"]

1. e4 c5 2. c3 Nf6 3. e5 Nd5 4. d4 cxd4 5. Nf3 Nc6 6. Bc4 Nb6 7. Bb3 d5 8. exd6 Qxd6 9. 0-0 Be6 10. Na3 a6 11. Bxe6 Qxe6 12. Nxd4 Qd7 13. Be3 Nd5 14. Nxc6 Qxc6 15. Bd4 f6 16. f4 e6 17. Qe2 Bxa3 18. bxa3 0-0 19. Rfe1 Nxf4 20. Qg4 e5 21. Be3 Nd5 22. Bd2 Kh8 23. Rab1 b5 24. a4 Qc5+ 25. Kh1 Rad8 26. axb5 axb5 27. Red1 Nb6 28. c4 Qxc4 29. Qxc4 Nxc4 30. Bb4 Rxd1+ 31. Rxd1 Rb8 32. h3 h6 33. Rd5 Ra8 34. Rxb5 Rxa2 35. Rb7 Ne3 36. g4 h5 37. gxh5 Rg2 38. Bc5 Rg3 39. Kh2 Nf5 40. Bf8 Rg5 41. h6 Nxh6 42. h4 Rg4 43. Rb8 Kh7 44. Be7 Rxh4+ 45. Kg3 Nf5+ 0-1

[Event "Titled Tuesday intern op 05th Jul Late"]
[Site "Chess.com INT"]
[Date "2022.07.05"]
[Round "5"]
[White "Zhukova, Natalia"]
[Black "Sanchez Alarcon, Juan"]
[Result "1-0"]
[WhiteElo "2335"]
[BlackElo "2136"]
[PlyCount "49"]
[EventDate "2022.07.05"]
[EventType "swiss (blitz)"]
[EventRounds "11"]
[EventCountry "USA"]
[SourceTitle "CBM 209 Extra"]
[Source "ChessBase"]
[SourceDate "2022.09.30"]
[SourceVersion "1"]
[SourceVersionDate "2022.09.30"]
[SourceQuality "1"]

1. c4 Nf6 2. Nc3 g6 3. e4 d6 4. d4 Bg7 5. f4 0-0 6. Nf3 c5 7. d5 e6 8. dxe6 Bxe6 9. Bd3 Nc6 10. f5 Bd7 11. 0-0 Ng4 12. Bg5 Qb8 13. Nd5 Nge5 14. f6 Bh8 15. Nxe5 dxe5 16. Bc2 Be6 17. Ne7+ Nxe7 18. fxe7 Re8 19. Ba4 Bg7 20. Bxe8 Qxe8 21. Qb3 b6 22. Rad1 Bd7 23. Rd6 Rc8 24. Rfd1 Rc7 25. Qd3 1-0

[Event "Titled Tuesday intern op 28th Jun Late"]
[Site "Chess.com INT"]
[Date "2022.06.28"]
[Round "11"]
[White "Sanchez Alarcon, Juan"]
[Black "Kovacevic, Radmila"]
[Result "1/2-1/2"]
[WhiteElo "2136"]
[BlackElo "2113"]
[PlyCount "131"]
[EventDate "2022.06.28"]
[EventType "swiss (blitz)"]
[EventRounds "11"]
[EventCountry "USA"]
[SourceTitle "CBM 209 Extra"]
[Source "ChessBase"]
[SourceDate "2022.09.30"]
[SourceVersion "1"]
[SourceVersionDate "2022.09.30"]
[SourceQuality "1"]

1. e4 e5 2. Nf3 d5 3. exd5 e4 4. Ne5 Qxd5 5. d4 exd3 6. Nxd3 Nf6 7. Nc3 Qe6+ 8. Be2 Bd6 9. 0-0 0-0 10. Bf4 Bxf4 11. Nxf4 Qf5 12. Nfd5 Nxd5 13. Nxd5 Qd7 14. Ne3 c6 15. c4 Qe7 16. Qc2 g6 17. c5 Nd7 18. b4 Nf6 19. Rad1 Re8 20. Bf3 Be6 21. Rfe1 Rad8 22. Rxd8 Qxd8 23. Rd1 Qc7 24. Nc4 Bxc4 25. Qxc4 Qe5 26. g3 h5 27. h4 a6 28. Kg2 Kg7 29. Qd4 Qxd4 30. Rxd4 Re1 31. Rd3 Ra1 32. a3 Kf8 33. Re3 Ne8 34. Be2 Nc7 35. Bc4 Nd5 36. Bxd5 cxd5 37. Rd3 Ke7 38. Rxd5 Rxa3 39. Rd4 Rb3 40. f3 Rb2+ 41. Kh3 Rb3 42. Kg2 Rb2+ 43. Kh3 Rf2 44. Rf4 f5 45. Rc4 Rxf3 46. Kg2 Ra3 47. c6 bxc6 48. Rxc6 Kf7 49. Rb6 Kg7 50. Rb7+ Kf6 51. Rb6+ Kg7 52. Rb7+ Kh6 53. Rb6 Rb3 54. Rxa6 Rxb4 55. Rc6 f4 56. gxf4 Rxf4 57. Kg3 Rg4+ 58. Kh3 Kg7 59. Ra6 Kf7 60. Rb6 Rg1 61. Ra6 g5 62. hxg5 Rxg5 63. Kh4 Rb5 64. Rh6 Kg7 65. Rxh5 Rxh5+ 66. Kxh5 1/2-1/2

[Event "Titled Tuesday intern op 21st Jun Late"]
[Site "Chess.com INT"]
[Date "2022.06.21"]
[Round "1"]
[White "Sanchez Alarcon, Juan"]
[Black "Tologontegin, Semetey"]
[Result "1-0"]
[WhiteElo "2136"]
[BlackElo "2378"]
[PlyCount "99"]
[EventDate "2022.06.21"]
[EventType "swiss (blitz)"]
[EventRounds "11"]
[EventCountry "USA"]
[SourceTitle "EXT 2023"]
[Source "ChessBase"]
[SourceDate "2022.10.05"]
[SourceVersion "1"]
[SourceVersionDate "2022.10.05"]
[SourceQuality "1"]

1. e4 c6 2. d4 d5 3. Nc3 dxe4 4. Nxe4 Bf5 5. Ng3 Bg6 6. h4 h6 7. Nf3 Nd7 8. h5 Bh7 9. Bd3 Bxd3 10. Qxd3 e6 11. Bd2 Ngf6 12. 0-0-0 Bd6 13. Ne4 Nxe4 14. Qxe4 Qc7 15. g3 Nf6 16. Qe2 0-0-0 17. c4 Rhe8 18. Bc3 Kb8 19. Ne5 Ka8 20. f4 c5 21. Kb1 cxd4 22. Bxd4 Bxe5 23. Bxe5 Qc6 24. Rxd8+ Rxd8 25. Rd1 Qe4+ 26. Qxe4 Rxd1+ 27. Kc2 Nxe4 28. Kxd1 Nxg3 29. Bxg7 Nxh5 30. Bxh6 Kb8 31. Ke2 Kc7 32. Kf3 Kd7 33. Bf8 a6 34. Bc5 f5 35. Bd4 Kd6 36. b4 Kc6 37. Be5 a5 38. a3 axb4 39. axb4 Kd7 40. b5 Ke7 41. c5 Kd7 42. Bd4 Ke7 43. Be5 Kd7 44. Kg2 Ke7 45. Kh3 Nf6 46. Bxf6+ Kxf6 47. c6 bxc6 48. b6 e5 49. fxe5+ Kxe5 50. b7 1-0

[Event "Titled Tuesday intern op 21st Jun Late"]
[Site "Chess.com INT"]
[Date "2022.06.21"]
[Round "10"]
[White "Winkels, Marcel"]
[Black "Sanchez Alarcon, Juan"]
[Result "0-1"]
[WhiteElo "1940"]
[BlackElo "2136"]
[PlyCount "144"]
[EventDate "2022.06.21"]
[EventType "swiss (blitz)"]
[EventRounds "11"]
[EventCountry "USA"]
[SourceTitle "EXT 2023"]
[Source "ChessBase"]
[SourceDate "2022.10.05"]
[SourceVersion "1"]
[SourceVersionDate "2022.10.05"]
[SourceQuality "1"]

1. e4 c5 2. Nc3 Nc6 3. f4 e6 4. Nf3 d5 5. d3 Nf6 6. Be2 Be7 7. 0-0 dxe4 8. dxe4 Qxd1 9. Rxd1 0-0 10. e5 Nd7 11. a4 b6 12. Nb5 Rd8 13. Be3 Bb7 14. Nd6 Bxd6 15. Rxd6 Nf8 16. Rad1 Rxd6 17. Rxd6 Rd8 18. Rxd8 Nxd8 19. c3 Ng6 20. g3 Ne7 21. Nd2 Bd5 22. Nc4 Bxc4 23. Bxc4 Ndc6 24. Bb5 Kf8 25. Kf2 Ke8 26. Ke2 Kd8 27. Kd3 Kc7 28. Bd2 Nd5 29. Bxc6 Kxc6 30. b4 a6 31. bxc5 Kxc5 32. Bc1 b5 33. Ba3+ Kc6 34. axb5+ axb5 35. Bf8 g6 36. Ba3 Nb6 37. Kd4 Nc4 38. Bb4 Nd2 39. Ke3 Nc4+ 40. Ke4 Nd2+ 41. Kd3 Nf1 42. g4 Nxh2 43. g5 Nf3 44. Ke4 Nh4 45. Ba5 Nf5 46. Bb4 h5 47. gxh6 Nxh6 48. Ba3 Nf5 49. Bc1 Kc5 50. Kd3 Kd5 51. Bd2 Ng3 52. Bc1 Ne4 53. Ba3 Nf2+ 54. Ke3 Ne4 55. Kd3 Nc5+ 56. Kd2 Kc4 57. Bb4 Ne4+ 58. Kc2 Nf2 59. Kd2 Nd3 60. Ke3 Nxb4 61. cxb4 Kxb4 62. Kd4 Ka3 63. Kc5 b4 64. Kd6 b3 65. Ke7 b2 66. Kxf7 b1Q 67. Kxe6 Qf5+ 68. Kd6 Qxf4 69. Kd5 g5 70. e6 Qf8 71. Ke5 Qe7 72. Kf5 Kb4 0-1

[Event "Titled Tuesday intern op 14th Jun Late"]
[Site "Chess.com INT"]
[Date "2022.06.14"]
[Round "3"]
[White "Huber, Benedikt"]
[Black "Sanchez Alarcon, Juan"]
[Result "1-0"]
[WhiteElo "2288"]
[BlackElo "2136"]
[PlyCount "73"]
[EventDate "2022.06.14"]
[EventType "swiss (blitz)"]
[EventRounds "11"]
[EventCountry "USA"]
[SourceTitle "EXT 2023"]
[Source "ChessBase"]
[SourceDate "2022.10.05"]
[SourceVersion "1"]
[SourceVersionDate "2022.10.05"]
[SourceQuality "1"]

1. d4 Nf6 2. Bf4 g6 3. Nc3 d5 4. e3 Bg7 5. h4 h5 6. Nf3 0-0 7. Be2 c5 8. Ne5 Nc6 9. g4 Nxe5 10. Bxe5 Nxg4 11. Bxg7 Kxg7 12. dxc5 Nf6 13. Qd4 Bf5 14. 0-0-0 e6 15. f3 Qe7 16. e4 dxe4 17. fxe4 e5 18. Qe3 Bg4 19. Nd5 Nxd5 20. exd5 Bxe2 21. Qxe2 Qxc5 22. Qxe5+ Kg8 23. Rd2 Rfe8 24. Qg3 Rad8 25. Rhd1 Rd6 26. Kb1 b5 27. a3 a5 28. Qg5 b4 29. axb4 axb4 30. Rg2 Kh7 31. Qf4 Re7 32. Rg5 Rc7 33. Qe4 Kg7 34. Rdg1 Kh6 35. Rxh5+ Kxh5 36. Qe5+ Kh6 37. Qh8# 1-0

[Event "Titled Tuesday intern op 14th Jun Late"]
[Site "Chess.com INT"]
[Date "2022.06.14"]
[Round "2"]
[White "Sanchez Alarcon, Juan"]
[Black "Ladan, Nicholas John"]
[Result "0-1"]
[WhiteElo "2136"]
[BlackElo "2131"]
[PlyCount "84"]
[EventDate "2022.06.14"]
[EventType "swiss (blitz)"]
[EventRounds "11"]
[EventCountry "USA"]
[SourceTitle "EXT 2023"]
[Source "ChessBase"]
[SourceDate "2022.10.05"]
[SourceVersion "1"]
[SourceVersionDate "2022.10.05"]
[SourceQuality "1"]

1. e4 e5 2. Nf3 Nc6 3. Bb5 a6 4. Ba4 g6 5. 0-0 Bg7 6. c3 d6 7. h3 Nf6 8. Re1 0-0 9. d4 Nh5 10. dxe5 Nxe5 11. Nxe5 dxe5 12. Qe2 Qf6 13. Be3 Nf4 14. Qf3 Nxh3+ 15. Kh2 Nf4 16. g3 Ne6 17. Qxf6 Bxf6 18. Nd2 b5 19. Bb3 Bb7 20. f3 Rfd8 21. Rad1 Be7 22. Bxe6 fxe6 23. Kg2 h5 24. Nb3 Kf7 25. Nc5 Bc8 26. Nd3 Bd6 27. Bg5 Rf8 28. Be3 Bb7 29. Nc5 Bc6 30. a3 a5 31. Rd2 Rfb8 32. Red1 b4 33. a4 bxc3 34. bxc3 Bxc5 35. Bxc5 Bxa4 36. Ra1 Bc6 37. Rda2 a4 38. Bb4 Rd8 39. Kf2 Rd3 40. Re1 Rad8 41. Ree2 Bb5 42. Red2 Rxd2+ 0-1

[Event "Titled Tuesday intern op 28th Apr"]
[Site "Chess.com INT"]
[Date "2020.04.28"]
[Round "8"]
[White "Jerez Perez, Alfonso"]
[Black "Sanchez Alarcon, Juan"]
[Result "1/2-1/2"]
[WhiteElo "2367"]
[BlackElo "2136"]
[PlyCount "90"]
[EventDate "2020.04.28"]
[EventType "swiss (blitz)"]
[EventRounds "10"]
[EventCountry "USA"]
[SourceTitle "EXT 2021"]
[Source "ChessBase"]
[SourceDate "2020.10.23"]
[SourceVersion "1"]
[SourceVersionDate "2020.10.23"]
[SourceQuality "1"]

1. e4 c5 2. c3 Nf6 3. e5 Nd5 4. Nf3 Nc6 5. Bc4 Nb6 6. Bb3 d5 7. exd6 Qxd6 8. 0-0 Be6 9. Na3 Bxb3 10. axb3 Rd8 11. d4 cxd4 12. Nb5 Qb8 13. Nbxd4 Nxd4 14. Nxd4 e6 15. Qg4 h5 16. Qg5 Rd5 17. Qh4 Be7 18. Qe4 Re5 19. Qf3 g5 20. Be3 Nd5 21. Rfe1 a6 22. Bd2 Rxe1+ 23. Rxe1 g4 24. Qe4 Nf6 25. Qe2 h4 26. Nf5 Bd8 27. Bg5 h3 28. g3 Rg8 29. Bxf6 Bxf6 30. Nd6+ Qxd6 31. Rd1 Qc6 32. f3 gxf3 33. Qe3 Rg5 34. Kf2 Re5 35. Qh6 Re2+ 36. Kf1 Rxb2 37. Qxf6 Qb6 38. Qh8+ Ke7 39. Qh4+ Ke8 40. Qh8+ Ke7 41. Rd4 Rxh2 42. Qh4+ Ke8 43. Qh8+ Ke7 44. Qh4+ Ke8 45. Qh8+ Ke7 1/2-1/2